Statistiken für Ergebnisdiagramm der Fußball-Weltmeisterschaft 2002

Klicken Sie hier um das Quiz zu spielen!

Allgemein

  • Dieses Quiz wurde 71 mal gespielt
  • Das Durchschnittsergebnis liegt bei 23 aus 32

Antwortstatistiken

% Korrekt
Deutschland
98%
Brasilien
98%
Südkorea
95%
Italien
95%
Frankreich
93%
Argentinien
90%
Spanien
90%
Japan
88%
USA
88%
Türkei
86%
Saudi-Arabien
83%
Belgien
81%
Uruguay
81%
Schweden
79%
Mexiko
79%
Dänemark
79%
Paraguay
79%
Portugal
79%
England
76%
Senegal
71%
Nigeria
69%
Kamerun
67%
Irland
67%
Russland
62%
Polen
60%
Kroatien
55%
China
52%
Costa Rica
48%
Südafrika
40%
Ecuador
36%
Tunesien
31%
Slowenien
26%

Verteilung der Resultate

Perzentil nach korrekt beantworteten Fragen

Anzahl Personen mit jedem Resultat

Ihre Resultats-Entwicklung

Sie haben dieses Quiz noch nicht gespielt